British Birds - Statistics

General Stats
  • This quiz has been taken 616 times
  • The average score is 9 of 20
Answer Stats
Hint Answer % Correct
Common black garden bird, females are brown. Blackbird
97%
2nd Smallest Uk bird. Wren
70%
The fastest animal alive. Peregrine Falcon
67%
RSPB Mascot. Avocet
58%
Bird often considered parasitic to some songbirds. Cuckoo
57%
Also known as a Green Plover or Peewit. Lapwing
56%
Smallest UK Bird. Firecrest/Goldcrest
55%
Likes fast moving streams and is considered semi-aquatic. Dipper
54%
Males make a booming breeding call. Numbers are on the rise. Bittern
50%
Smallest Woodpecker. Lesser Spotted Woodpecker
49%
Smallest species of duck. Teal
42%
The largest finch, most common in the Forest of Dean. Hawfinch
39%
Least common bird in family Corvidae. Chough
37%
Raptor that is able to catch Swifts in level flight. Hobby
36%
Most populous bird in the UK House Sparrow
33%
This Warbler is named after a certain National Park. Dartford Warbler
24%
Migrate from Scandinavia and Russia to spend winter. Waxwing
19%
Arrived in the 50s, now incredibly successful. Collared Dove
18%
Often heard but rarely seen on a trip to the Reedbeds. Water Rail
15%
Often flock with Pied Wagtails in the winter. Longtailed Tit
6%
No matching quizzes found
Score Distribution
Percent of People with Each Score
Percentile by Number Answered
Your Score History
You have not taken this quiz